[Event "Manaus zt 2.4"]
[Site "Manaus"]
[Date "2013.04.28"]
[Round "2"]
[White "Supi, Luis Paulo"]
[Black "Ferreira, Kleber Victor"]
[Result "1/2-1/2"]
[WhiteElo "2321"]
[BlackElo "2118"]
[PlyCount "58"]
[EventDate "2013.04.27"]
[EventType "swiss"]
[EventRounds "9"]
[EventCountry "BRA"]
[SourceTitle "CBM 154 Extra"]
[Source "ChessBase"]
[SourceDate "2013.06.25"]
[SourceVersion "2"]
[SourceVersionDate "2013.06.25"]
[SourceQuality "1"]

1. c4 e5 2. Nc3 Nc6 3. Nf3 f5 4. d4 Bb4 5. dxe5 Bxc3+ 6. bxc3 Nge7 7. h4 O-O 8.
h5 Qe8 9. h6 g6 10. Bg5 Qf7 11. e3 d6 12. exd6 cxd6 13. Qxd6 Be6 14. Nd4 Bxc4
15. Bxe7 Bxf1 16. Bxf8 Bxg2 17. Rg1 Rd8 18. Nxc6 Rxd6 19. Bxd6 Bxc6 20. Be5 Qc4
21. Kd2 Be4 22. Rgd1 Bf3 23. Re1 Qb5 24. Bg7 Be4 25. Kc1 Qd3 26. Kb2 Qc2+ 27.
Ka3 b5 28. Red1 Qa4+ 29. Kb2 Qc2+ 1/2-1/2

[Event "Manaus zt 2.4"]
[Site "Manaus"]
[Date "2013.04.28"]
[Round "3"]
[White "De Oliveira, Victor Gabriel C"]
[Black "Supi, Luis Paulo"]
[Result "0-1"]
[WhiteElo "2027"]
[BlackElo "2321"]
[PlyCount "54"]
[EventDate "2013.04.27"]
[EventType "swiss"]
[EventRounds "9"]
[EventCountry "BRA"]
[SourceTitle "CBM 154 Extra"]
[Source "ChessBase"]
[SourceDate "2013.06.25"]
[SourceVersion "2"]
[SourceVersionDate "2013.06.25"]
[SourceQuality "1"]

1. d4 Nf6 2. c4 g6 3. Nf3 Bg7 4. g3 O-O 5. Bg2 d6 6. O-O Nc6 7. Nc3 Bg4 8. Re1
Nd7 9. e3 e5 10. d5 Ne7 11. h3 Bxf3 12. Bxf3 f5 13. Bg2 Rf7 14. Rb1 e4 15. Nb5
Ne5 16. Qc2 c6 17. dxc6 bxc6 18. Nc3 g5 19. Nxe4 fxe4 20. Bxe4 Nf3+ 21. Bxf3
Rxf3 22. Kg2 Rf7 23. b3 Qd7 24. Ba3 Raf8 25. Re2 Nf5 26. Rd1 Rf6 27. e4 Nd4 0-1

[Event "Manaus zt 2.4"]
[Site "Manaus"]
[Date "2013.04.29"]
[Round "4"]
[White "Supi, Luis Paulo"]
[Black "De Souza, Rafael Cabral"]
[Result "1/2-1/2"]
[WhiteElo "2321"]
[BlackElo "2170"]
[PlyCount "111"]
[EventDate "2013.04.27"]
[EventType "swiss"]
[EventRounds "9"]
[EventCountry "BRA"]
[SourceTitle "CBM 154 Extra"]
[Source "ChessBase"]
[SourceDate "2013.06.25"]
[SourceVersion "2"]
[SourceVersionDate "2013.06.25"]
[SourceQuality "1"]

1. d4 Nf6 2. Nc3 c5 3. d5 d6 4. e4 g6 5. Bb5+ Bd7 6. Bxd7+ Nbxd7 7. Qe2 Bg7 8.
f4 Qa5 9. Bd2 Qb4 10. Nb5 Qxe4 11. Nc7+ Kd8 12. Qxe4 Nxe4 13. Nxa8 Kc8 14. Rb1
Kb8 15. Ne2 Kxa8 16. c4 e6 17. dxe6 fxe6 18. Nc3 Bxc3 19. Bxc3 Nxc3 20. bxc3
Nb6 21. O-O Nxc4 22. Rbe1 Re8 23. f5 gxf5 24. Rxf5 Ne5 25. Rh5 Re7 26. Rd1 Kb8
27. Rxd6 Kc7 28. Rd1 Nd7 29. Rd3 Kc6 30. Rdh3 Nf8 31. Kf2 b5 32. Ke3 a5 33. Kd3
Rg7 34. Rg3 Ng6 35. Ke4 Rd7 36. Rgg5 e5 37. Rxh7 Rxh7 38. Rxg6+ Kb7 39. Kd5 b4
40. c4 e4 41. Kxc5 e3 42. Re6 Rxh2 43. Re7+ Ka6 44. Re6+ Kb7 45. Kb5 Rxg2 46.
Re7+ Kc8 47. Kxa5 Rxa2+ 48. Kxb4 e2 49. Kb3 Kd8 50. Re4 Rd2 51. Kc3 Ra2 52. Kd4
Kd7 53. Kd3 Kd6 54. Rxe2 Rxe2 55. c5+ Kxc5 56. Kxe2 1/2-1/2

[Event "Manaus zt 2.4"]
[Site "Manaus"]
[Date "2013.04.30"]
[Round "5"]
[White "Sztokbant, Bernardo Vainzoff"]
[Black "Supi, Luis Paulo"]
[Result "0-1"]
[WhiteElo "2181"]
[BlackElo "2321"]
[PlyCount "126"]
[EventDate "2013.04.27"]
[EventType "swiss"]
[EventRounds "9"]
[EventCountry "BRA"]
[SourceTitle "CBM 154 Extra"]
[Source "ChessBase"]
[SourceDate "2013.06.25"]
[SourceVersion "2"]
[SourceVersionDate "2013.06.25"]
[SourceQuality "1"]

1. e4 c5 2. Nf3 a6 3. g3 b5 4. Bg2 Bb7 5. Qe2 Nc6 6. O-O e6 7. a4 b4 8. d3 Nf6
9. c3 Be7 10. Re1 O-O 11. Nbd2 d6 12. Nf1 Rb8 13. c4 Nd7 14. b3 Bf6 15. Bb2
Bxb2 16. Qxb2 Nde5 17. Qe2 Qf6 18. Ne3 Nxf3+ 19. Qxf3 Qxf3 20. Bxf3 Nd4 21. Bd1
f5 22. f3 f4 23. gxf4 Rxf4 24. Rf1 Rbf8 25. Kg2 e5 26. Ra2 R4f6 27. Raf2 Ne6
28. Kh1 Nf4 29. Rd2 Ng6 30. Rdf2 Nf4 31. Rd2 g6 32. Rg1 Kh8 33. Ng4 R6f7 34.
Nh6 Re7 35. Ng4 Rg7 36. Ne3 Rgf7 37. Rg3 Nh5 38. Rg1 Bc8 39. Re1 Be6 40. Rg1
Nf4 41. Rg3 Kg7 42. Rg1 Kf6 43. Rg3 Rg7 44. Rg1 Ke7 45. Rg3 h5 46. Rg1 Kf6 47.
Re1 Rgf7 48. Rg1 Kg7 49. Re1 Kh6 50. Rg1 Nh3 51. Rf1 Ng5 52. Rdf2 Bh3 53. Rg1
Nxf3 54. Bxf3 Rxf3 55. Rxf3 Rxf3 56. Rg3 Rxg3 57. hxg3 Kg5 58. Nd5 Bg4 59. Kg2
Bd1 60. a5 Bxb3 61. Kf2 Ba4 62. Nb6 Bc6 63. Ke3 Kf6 0-1

[Event "Manaus zt 2.4"]
[Site "Manaus"]
[Date "2013.05.01"]
[Round "7"]
[White "Souza Neves, Andrey Marcelo"]
[Black "Supi, Luis Paulo"]
[Result "0-1"]
[WhiteElo "2159"]
[BlackElo "2321"]
[PlyCount "64"]
[EventDate "2013.04.27"]
[EventType "swiss"]
[EventRounds "9"]
[EventCountry "BRA"]
[SourceTitle "CBM 154 Extra"]
[Source "ChessBase"]
[SourceDate "2013.06.25"]
[SourceVersion "2"]
[SourceVersionDate "2013.06.25"]
[SourceQuality "1"]

1. d4 g6 2. e4 Bg7 3. Nf3 d6 4. h3 Nf6 5. Nc3 O-O 6. Be3 Nc6 7. Qd2 e5 8. O-O-O
exd4 9. Nxd4 Bd7 10. g4 b5 11. Nxc6 Bxc6 12. f3 b4 13. Ne2 Re8 14. Ng3 Nd7 15.
Bh6 Bxh6 16. Qxh6 Qf6 17. Be2 a5 18. Qd2 a4 19. g5 Qe5 20. f4 Qc5 21. Kb1 Qf2
22. Rhg1 b3 23. Rdf1 bxa2+ 24. Kxa2 Qc5 25. Bd3 Reb8 26. f5 Ne5 27. fxg6 fxg6
28. Nf5 gxf5 29. g6 hxg6 30. Qh6 Rxb2+ 31. Kxb2 Nxd3+ 32. cxd3 Rb8+ 0-1

[Event "Manaus zt 2.4"]
[Site "Manaus"]
[Date "2013.05.02"]
[Round "8"]
[White "Supi, Luis Paulo"]
[Black "Gallo Ponce, Elbert"]
[Result "1/2-1/2"]
[WhiteElo "2321"]
[BlackElo "2233"]
[PlyCount "95"]
[EventDate "2013.04.27"]
[EventType "swiss"]
[EventRounds "9"]
[EventCountry "BRA"]
[SourceTitle "CBM 154 Extra"]
[Source "ChessBase"]
[SourceDate "2013.06.25"]
[SourceVersion "2"]
[SourceVersionDate "2013.06.25"]
[SourceQuality "1"]

1. e4 e6 2. d4 d5 3. Nc3 Bb4 4. e5 b6 5. Qg4 Bf8 6. Bb5+ c6 7. Ba4 a5 8. Bb3
Ba6 9. Nce2 Qd7 10. c3 Bd3 11. Nf4 Bf5 12. Qe2 b5 13. Bd1 h6 14. Nf3 Ne7 15.
Bc2 Bxc2 16. Qxc2 g6 17. Bd2 a4 18. h4 Na6 19. Be3 Nc8 20. h5 g5 21. Nd3 Nb6
22. Nd2 Nc4 23. Nb4 c5 24. Nxc4 bxc4 25. Nxa6 cxd4 26. Bxd4 Rxa6 27. O-O Be7
28. f4 gxf4 29. Rxf4 Bg5 30. Rf3 Ra5 31. Raf1 Rf8 32. Qf2 Qe7 33. Be3 Bxe3 34.
Qxe3 Qa7 35. Qxa7 Rxa7 36. Rf6 Rh8 37. Kh2 Rb7 38. R1f2 Rh7 39. Kh3 Ke7 40. g4
Rb8 41. Kh4 Rg8 42. Rg2 Rb8 43. Kg3 Re8 44. Rd2 Rg8 45. Kf4 Rd8 46. Ke3 Rg8 47.
Rg2 Rb8 48. Kd4 1/2-1/2

[Event "Manaus zt 2.4"]
[Site "Manaus"]
[Date "2013.05.03"]
[Round "9"]
[White "Chumpitaz Carbajal, Ann"]
[Black "Supi, Luis Paulo"]
[Result "0-1"]
[WhiteElo "2155"]
[BlackElo "2321"]
[PlyCount "58"]
[EventDate "2013.04.27"]
[EventType "swiss"]
[EventRounds "9"]
[EventCountry "BRA"]
[SourceTitle "CBM 154 Extra"]
[Source "ChessBase"]
[SourceDate "2013.06.25"]
[SourceVersion "2"]
[SourceVersionDate "2013.06.25"]
[SourceQuality "1"]

1. d4 Nf6 2. c4 g6 3. Nc3 Bg7 4. e4 d6 5. Be2 O-O 6. Bg5 Na6 7. Qd2 e5 8. d5
Nc5 9. f3 h6 10. Be3 Nh5 11. g3 Kh7 12. b4 Nd7 13. c5 a6 14. cxd6 cxd6 15. Nh3
Nb8 16. Bf1 f5 17. Ng1 Nd7 18. Bg2 Ndf6 19. Bf2 fxe4 20. Nxe4 Nxe4 21. fxe4 Qf6
22. Qe3 Nf4 23. Bf1 Bg4 24. Rb1 Rac8 25. gxf4 exf4 26. Qd2 Qe7 27. Ne2 Qxe4 28.
Rb3 Bxe2 29. Qxe2 Rc1+ 0-1

[Event "FENAJ-ch U18"]
[Site "Brazil"]
[Date "2013.05.30"]
[Round "1"]
[White "Supi, Luis Paulo"]
[Black "Rosa, Joao Paulo"]
[Result "1-0"]
[WhiteElo "2321"]
[BlackElo "1539"]
[PlyCount "53"]
[EventDate "2013.05.30"]
[EventType "swiss"]
[EventRounds "6"]
[EventCountry "BRA"]
[SourceTitle "EXT 2015"]
[Source "ChessBase"]
[SourceDate "2014.11.20"]
[SourceVersion "1"]
[SourceVersionDate "2014.11.20"]
[SourceQuality "1"]

1. e4 e5 2. Nf3 Nc6 3. Bb5 a6 4. Ba4 b5 5. Bb3 Bc5 6. O-O Nf6 7. c3 Bb6 8. d4
d6 9. a4 Bb7 10. Re1 O-O 11. Bg5 h6 12. Bh4 Qe7 13. Na3 b4 14. Nc4 Ba7 15. Ne3
bxc3 16. Nd5 Qd8 17. Bxf6 gxf6 18. bxc3 Na5 19. Nh4 Kh7 20. Qh5 Bc8 21. Nf5
Bxf5 22. Qxf5+ Kg7 23. Re3 Rg8 24. Nxf6 Qxf6 25. Rg3+ Kf8 26. Qxf6 Rxg3 27.
Qxf7# 1-0

[Event "FENAJ-ch U18"]
[Site "Brazil"]
[Date "2013.05.31"]
[Round "2"]
[White "Vizzotto, Bernardo"]
[Black "Supi, Luis Paulo"]
[Result "1/2-1/2"]
[WhiteElo "2005"]
[BlackElo "2321"]
[PlyCount "72"]
[EventDate "2013.05.30"]
[EventType "swiss"]
[EventRounds "6"]
[EventCountry "BRA"]
[SourceTitle "EXT 2015"]
[Source "ChessBase"]
[SourceDate "2014.11.20"]
[SourceVersion "1"]
[SourceVersionDate "2014.11.20"]
[SourceQuality "1"]

1. d4 Nf6 2. c4 g6 3. Nc3 Bg7 4. Bf4 O-O 5. e3 c5 6. d5 d6 7. Nf3 Qb6 8. Rb1 e5
9. Bg3 Bf5 10. Rc1 Qxb2 11. Nd2 Qb6 12. Bh4 Bg4 13. f3 Bd7 14. g4 Na6 15. Bxf6
Bxf6 16. h4 Kg7 17. Nde4 Be7 18. Rb1 Qd8 19. g5 Rb8 20. Bh3 Rh8 21. Bxd7 Qxd7
22. Qe2 h6 23. Kd2 Rh7 24. h5 Rbh8 25. hxg6 fxg6 26. f4 exf4 27. exf4 hxg5 28.
Rxh7+ Rxh7 29. Nxg5 Bxg5 30. fxg5 Kh8 31. Rf1 Qe7 32. Qxe7 Rxe7 33. Rf6 Kg7 34.
Rxd6 Nb8 35. Ne2 Rf7 36. Ke3 Re7+ 1/2-1/2

[Event "FENAJ-ch U18"]
[Site "Brazil"]
[Date "2013.05.31"]
[Round "3"]
[White "Supi, Luis Paulo"]
[Black "Esteves, Igor Silva Mota"]
[Result "1-0"]
[WhiteElo "2321"]
[BlackElo "1726"]
[PlyCount "27"]
[EventDate "2013.05.30"]
[EventType "swiss"]
[EventRounds "6"]
[EventCountry "BRA"]
[SourceTitle "EXT 2015"]
[Source "ChessBase"]
[SourceDate "2014.11.20"]
[SourceVersion "1"]
[SourceVersionDate "2014.11.20"]
[SourceQuality "1"]

1. e4 c5 2. Nf3 d6 3. d4 cxd4 4. Nxd4 Nf6 5. Nc3 a6 6. Bg5 e6 7. f4 Be7 8. Qf3
h6 9. Bh4 Qc7 10. O-O-O b5 11. e5 Bb7 12. Qg3 dxe5 13. fxe5 Nh5 14. Nxe6 1-0

[Event "FENAJ-ch U18"]
[Site "Brazil"]
[Date "2013.06.01"]
[Round "4"]
[White "Starke, Bruno Orlando"]
[Black "Supi, Luis Paulo"]
[Result "0-1"]
[WhiteElo "2077"]
[BlackElo "2321"]
[PlyCount "66"]
[EventDate "2013.05.30"]
[EventType "swiss"]
[EventRounds "6"]
[EventCountry "BRA"]
[SourceTitle "EXT 2015"]
[Source "ChessBase"]
[SourceDate "2014.11.20"]
[SourceVersion "1"]
[SourceVersionDate "2014.11.20"]
[SourceQuality "1"]

1. Nf3 Nf6 2. c4 g6 3. Nc3 Bg7 4. g3 O-O 5. Bg2 Nc6 6. d4 d6 7. O-O a6 8. h3
Bd7 9. e4 e5 10. Be3 exd4 11. Nxd4 Re8 12. Re1 Qc8 13. Kh2 Re5 14. Nxc6 bxc6
15. f3 Rb8 16. Rb1 Be6 17. Qd3 d5 18. cxd5 cxd5 19. exd5 Nxd5 20. Bd4 Nb4 21.
Qd2 Rxe1 22. Rxe1 Bxd4 23. Qxd4 Nc2 24. Qe5 Nxe1 25. Ne4 Nxg2 26. Nf6+ Kf8 27.
Nxh7+ Ke8 28. Nf6+ Ke7 29. Nd5+ Kd7 30. Nf6+ Kc6 31. Kxg2 Qd8 32. Ne4 Qd5 33.
Qc3+ Qc4 0-1

[Event "Sao Bento do Sul op"]
[Site "Sao Bento do Sul"]
[Date "2013.06.28"]
[Round "2"]
[White "Supi, Luis Paulo"]
[Black "Bianchi, Willian Domingues"]
[Result "1/2-1/2"]
[WhiteElo "2327"]
[BlackElo "1910"]
[PlyCount "54"]
[EventDate "2013.06.28"]
[EventType "swiss"]
[EventRounds "6"]
[EventCountry "BRA"]
[SourceTitle "EXT 2014"]
[Source "ChessBase"]
[SourceDate "2013.11.20"]
[SourceVersion "1"]
[SourceVersionDate "2013.11.20"]
[SourceQuality "1"]

1. e4 Nf6 2. e5 Nd5 3. d4 d6 4. Nf3 g6 5. Bc4 Nb6 6. Bb3 Nc6 7. exd6 cxd6 8. h4
Bg7 9. h5 Na5 10. hxg6 hxg6 11. Rxh8+ Bxh8 12. Nc3 Nxb3 13. axb3 Bg4 14. Be3
Qd7 15. d5 Qd8 16. Bd4 Bxf3 17. gxf3 Bxd4 18. Qxd4 a6 19. Qg7 Nd7 20. Kf1 Qc8
21. Kg2 Ne5 22. Rh1 Qf5 23. Qh8+ Kd7 24. Qxa8 Qg5+ 25. Kf1 Qc1+ 26. Ke2 Qxc2+
27. Kf1 Qc1+ 1/2-1/2

[Event "Sao Bento do Sul op"]
[Site "Sao Bento do Sul"]
[Date "2013.06.29"]
[Round "3"]
[White "Supi, Luis Paulo"]
[Black "Horst, Rodrigo"]
[Result "1-0"]
[WhiteElo "2327"]
[BlackElo "1911"]
[PlyCount "50"]
[EventDate "2013.06.28"]
[EventType "swiss"]
[EventRounds "6"]
[EventCountry "BRA"]
[SourceTitle "EXT 2014"]
[Source "ChessBase"]
[SourceDate "2013.11.20"]
[SourceVersion "1"]
[SourceVersionDate "2013.11.20"]
[SourceQuality "1"]

1. e4 e5 2. Nf3 d6 3. d4 Nc6 4. Bb5 Bd7 5. Nc3 Nge7 6. Bc4 h6 7. dxe5 dxe5 8.
Be3 g6 9. Qe2 Bg7 10. O-O-O O-O 11. h4 Nf5 12. Bc5 Nd6 13. Bxd6 cxd6 14. Rxd6
Nd4 15. Nxd4 exd4 16. Nd5 b5 17. Bb3 a5 18. Nb6 Ra7 19. e5 a4 20. Bxf7+ Rxf7
21. e6 Re7 22. Nd5 Re8 23. Qg4 d3 24. Qxg6 Rc7 25. Nxc7 Qxc7 1-0

[Event "Sao Bento do Sul op"]
[Site "Sao Bento do Sul"]
[Date "2013.06.29"]
[Round "4"]
[White "Gomes, Fabio Augusto"]
[Black "Supi, Luis Paulo"]
[Result "0-1"]
[WhiteElo "2020"]
[BlackElo "2327"]
[PlyCount "36"]
[EventDate "2013.06.28"]
[EventType "swiss"]
[EventRounds "6"]
[EventCountry "BRA"]
[SourceTitle "EXT 2014"]
[Source "ChessBase"]
[SourceDate "2013.11.20"]
[SourceVersion "1"]
[SourceVersionDate "2013.11.20"]
[SourceQuality "1"]

1. f4 c5 2. Nf3 g6 3. e3 Bg7 4. Nc3 Nf6 5. b3 O-O 6. Bb2 d5 7. Be2 Nc6 8. Na4
b6 9. Ne5 Bb7 10. Ng4 Nxg4 11. Bxg4 d4 12. O-O Qd6 13. c4 Nb4 14. Qb1 f5 15.
Bf3 Bxf3 16. Rxf3 e5 17. d3 e4 18. Rf1 Nxd3 0-1

[Event "Sao Bento do Sul op"]
[Site "Sao Bento do Sul"]
[Date "2013.06.30"]
[Round "5"]
[White "Supi, Luis Paulo"]
[Black "Chemin, Justo Reinaldo"]
[Result "1-0"]
[WhiteElo "2327"]
[BlackElo "2147"]
[PlyCount "57"]
[EventDate "2013.06.28"]
[EventType "swiss"]
[EventRounds "6"]
[EventCountry "BRA"]
[SourceTitle "EXT 2014"]
[Source "ChessBase"]
[SourceDate "2013.11.20"]
[SourceVersion "1"]
[SourceVersionDate "2013.11.20"]
[SourceQuality "1"]

1. e4 e5 2. Nf3 Nc6 3. Bc4 Bc5 4. c3 Bb6 5. O-O d6 6. d4 Qe7 7. Bb5 Bd7 8. Na3
Nf6 9. Re1 O-O 10. Bg5 Nb8 11. Bc4 Bg4 12. Nc2 c6 13. Ne3 Bc8 14. Nh4 exd4 15.
cxd4 Bd8 16. Nhf5 Bxf5 17. Nxf5 Qd7 18. Bd3 g6 19. Ng3 Nh5 20. Bh6 Ng7 21. Qd2
c5 22. d5 Bf6 23. f4 Re8 24. a4 a6 25. Bc4 Qg4 26. e5 dxe5 27. Ne4 Bh4 28. g3
Nf5 29. Be2 1-0

[Event "Sao Bento do Sul op"]
[Site "Sao Bento do Sul"]
[Date "2013.06.30"]
[Round "6"]
[White "Disconzi da Silva, Rodrigo"]
[Black "Supi, Luis Paulo"]
[Result "1/2-1/2"]
[WhiteElo "2379"]
[BlackElo "2327"]
[PlyCount "32"]
[EventDate "2013.06.28"]
[EventType "swiss"]
[EventRounds "6"]
[EventCountry "BRA"]
[SourceTitle "EXT 2014"]
[Source "ChessBase"]
[SourceDate "2013.11.20"]
[SourceVersion "1"]
[SourceVersionDate "2013.11.20"]
[SourceQuality "1"]

1. d4 Nf6 2. c4 g6 3. Nc3 d5 4. Nf3 Bg7 5. e3 O-O 6. Bd3 c5 7. h3 Nc6 8. O-O
cxd4 9. exd4 dxc4 10. Bxc4 Na5 11. Bd3 Be6 12. Re1 Nc6 13. Bf1 Qc7 14. Nb5 Qb8
15. Bg5 a6 16. Nc3 Rd8 1/2-1/2

[Event "Maringa op 3rd"]
[Site "Maringa"]
[Date "2013.07.26"]
[Round "5"]
[White "Supi, Luis Paulo"]
[Black "Cella, Glaucio Dalla Cortt"]
[Result "1-0"]
[WhiteElo "2327"]
[BlackElo "2013"]
[PlyCount "73"]
[EventDate "2013.07.24"]
[EventType "swiss"]
[EventRounds "8"]
[EventCountry "BRA"]
[SourceTitle "CBM 155 Extra"]
[Source "ChessBase"]
[SourceDate "2013.08.26"]
[SourceVersion "1"]
[SourceVersionDate "2013.08.26"]
[SourceQuality "1"]

1. e4 c6 2. d4 d5 3. e5 Bf5 4. h4 h6 5. g4 Bh7 6. e6 fxe6 7. Bd3 e5 8. dxe5 Qc7
9. Bxh7 Qxe5+ 10. Be3 Rxh7 11. Nf3 Qe4 12. Nbd2 Qxg4 13. c4 dxc4 14. Qc2 Nf6
15. Ne5 Qh5 16. Rd1 Rh8 17. Ndxc4 Nd5 18. Rxd5 cxd5 19. Nd6+ exd6 20. Qc8+ Ke7
21. Qxb7+ Ke6 22. Nd3 g5 23. Bd4 Qf3 24. Kd2 Nd7 25. Re1+ Ne5 26. Nxe5 Qf4+ 27.
Kc2 Qxe5 28. Rxe5+ dxe5 29. Bxe5 Bd6 30. Bxh8 Rxh8 31. hxg5 hxg5 32. Qxa7 Rh4
33. Qe3+ Kf5 34. Qf3+ Ke6 35. Qe3+ Kf5 36. Qd3+ Ke5 37. Qg3+ 1-0

[Event "Ribeira Valley op 9th"]
[Site "Registro"]
[Date "2013.07.30"]
[Round "1"]
[White "Supi, Luis Paulo"]
[Black "Campestrini, Carine Katia"]
[Result "1-0"]
[WhiteElo "2329"]
[BlackElo "1619"]
[PlyCount "67"]
[EventDate "2013.07.30"]
[EventType "swiss"]
[EventRounds "9"]
[EventCountry "BRA"]
[SourceTitle "CBM 155 Extra"]
[Source "ChessBase"]
[SourceDate "2013.08.26"]
[SourceVersion "1"]
[SourceVersionDate "2013.08.26"]
[SourceQuality "1"]

1. e4 c5 2. Nf3 a6 3. Nc3 Nc6 4. d4 cxd4 5. Nxd4 Nf6 6. Nxc6 bxc6 7. e5 Ng8 8.
Bc4 e6 9. O-O Ne7 10. Bg5 Qb6 11. Ne4 Ng6 12. Nd6+ Bxd6 13. Qxd6 Qb8 14. Qxb8
Rxb8 15. Rfe1 O-O 16. Bd2 Ne7 17. Be3 Re8 18. Bc5 Nd5 19. Bd6 Ra8 20. Bf1 a5
21. c4 Ne7 22. Rad1 Nf5 23. Bc5 Rb8 24. Rd2 Rb7 25. Bd3 Ne7 26. f4 g6 27. g4
Kh8 28. Kf2 Ng8 29. h4 Rb8 30. Bd6 Rb7 31. h5 Ne7 32. Rh1 Kg7 33. Ke3 Rb6 34.
Rdh2 1-0

[Event "Ribeira Valley op 9th"]
[Site "Registro"]
[Date "2013.07.30"]
[Round "2"]
[White "Pertuzatti, Daniel"]
[Black "Supi, Luis Paulo"]
[Result "0-1"]
[WhiteElo "2000"]
[BlackElo "2329"]
[PlyCount "30"]
[EventDate "2013.07.30"]
[EventType "swiss"]
[EventRounds "9"]
[EventCountry "BRA"]
[SourceTitle "CBM 155 Extra"]
[Source "ChessBase"]
[SourceDate "2013.08.26"]
[SourceVersion "1"]
[SourceVersionDate "2013.08.26"]
[SourceQuality "1"]

1. g4 d5 2. Bg2 c6 3. h3 e5 4. d3 h5 5. gxh5 Nf6 6. Nf3 Rxh5 7. b3 e4 8. dxe4
Nxe4 9. c3 Bc5 10. e3 Qf6 11. Bb2 Rg5 12. Bf1 Rf5 13. Bg2 Nd7 14. Qe2 Ne5 15.
c4 Nd3+ 0-1

[Event "Ribeira Valley op 9th"]
[Site "Registro"]
[Date "2013.07.31"]
[Round "3"]
[White "Supi, Luis Paulo"]
[Black "Mareco, Sandro"]
[Result "1/2-1/2"]
[WhiteElo "2329"]
[BlackElo "2561"]
[PlyCount "88"]
[EventDate "2013.07.30"]
[EventType "swiss"]
[EventRounds "9"]
[EventCountry "BRA"]
[SourceTitle "CBM 155 Extra"]
[Source "ChessBase"]
[SourceDate "2013.08.26"]
[SourceVersion "1"]
[SourceVersionDate "2013.08.26"]
[SourceQuality "1"]

1. e4 c5 2. Nf3 d6 3. d4 cxd4 4. Nxd4 Nf6 5. Nc3 a6 6. Bg5 Nbd7 7. Bc4 e6 8. f4
Qb6 9. Qd2 Qxb2 10. Rb1 Qa3 11. f5 e5 12. Nb3 Qb4 13. Bd3 Qb6 14. Bc4 Be7 15.
Bd5 Rb8 16. Be3 Qc7 17. Ba7 Ra8 18. Be3 Ng4 19. O-O Nxe3 20. Qxe3 Rb8 21. Qg3
O-O 22. Nd1 b5 23. Ne3 Nf6 24. Ng4 Kh8 25. Nxf6 Bxf6 26. Rf3 Bb7 27. Rc3 Qb6+
28. Qf2 Qxf2+ 29. Kxf2 Bxd5 30. exd5 Rfc8 31. Rc6 Rxc6 32. dxc6 Rc8 33. c4 bxc4
34. Nd2 g6 35. Ne4 Kg7 36. Rb6 Bd8 37. f6+ Kf8 38. Rxa6 d5 39. Nd6 Rb8 40. Ke2
Bc7 41. Ra7 Bxd6 42. Rd7 Rc8 43. Rxd6 Ke8 44. a4 Rd8 1/2-1/2

[Event "Ribeira Valley op 9th"]
[Site "Registro"]
[Date "2013.08.01"]
[Round "5"]
[White "Supi, Luis Paulo"]
[Black "Hirota da Silva, Nilton Jose"]
[Result "1-0"]
[WhiteElo "2329"]
[BlackElo "2064"]
[PlyCount "59"]
[EventDate "2013.07.30"]
[EventType "swiss"]
[EventRounds "9"]
[EventCountry "BRA"]
[SourceTitle "CBM 155 Extra"]
[Source "ChessBase"]
[SourceDate "2013.08.26"]
[SourceVersion "1"]
[SourceVersionDate "2013.08.26"]
[SourceQuality "1"]

1. e4 d6 2. d4 c6 3. Nc3 e5 4. Nf3 Nd7 5. Bc4 Be7 6. a4 Qc7 7. dxe5 Nxe5 8.
Nxe5 dxe5 9. Qh5 Bf6 10. Be3 g6 11. Qf3 Qe7 12. O-O-O Be6 13. Qe2 Bxc4 14. Qxc4
Bg5 15. f4 Bh6 16. Nb5 Bxf4 17. Bxf4 exf4 18. Nd6+ Kf8 19. e5 g5 20. h4 Qe6 21.
Qxe6 fxe6 22. hxg5 Kg7 23. Nxb7 Kg6 24. Nd8 Ne7 25. Nxe6 Kf5 26. Nd4+ Kxg5 27.
Nf3+ Kg6 28. Rd6+ Kg7 29. Ng5 Ng6 30. Rd7+ 1-0

[Event "Ribeira Valley op 9th"]
[Site "Registro"]
[Date "2013.08.02"]
[Round "7"]
[White "Supi, Luis Paulo"]
[Black "Languidey, Simon Alejandro"]
[Result "1/2-1/2"]
[WhiteElo "2329"]
[BlackElo "2279"]
[PlyCount "59"]
[EventDate "2013.07.30"]
[EventType "swiss"]
[EventRounds "9"]
[EventCountry "BRA"]
[SourceTitle "CBM 155 Extra"]
[Source "ChessBase"]
[SourceDate "2013.08.26"]
[SourceVersion "1"]
[SourceVersionDate "2013.08.26"]
[SourceQuality "1"]

1. e4 e6 2. d4 d5 3. Nd2 Nf6 4. e5 Nfd7 5. Bd3 c5 6. c3 Nc6 7. Ngf3 Be7 8. O-O
g5 9. b3 Qb6 10. Bb2 h5 11. h3 Rg8 12. g4 hxg4 13. hxg4 Nf8 14. dxc5 Bxc5 15.
b4 Ng6 16. Bxg6 Rxg6 17. bxc5 Qxb2 18. Qb3 Qxb3 19. axb3 f6 20. exf6 Rxf6 21.
Nxg5 Rg6 22. f4 e5 23. Ndf3 Bxg4 24. Nxe5 Nxe5 25. Rfe1 O-O-O 26. Rxe5 d4 27.
cxd4 Rxd4 28. Kf2 Rxf4+ 29. Kg3 Rb4 30. Re4 1/2-1/2

[Event "Ribeira Valley op 9th"]
[Site "Registro"]
[Date "2013.08.02"]
[Round "8"]
[White "Sega, Carlos Alberto"]
[Black "Supi, Luis Paulo"]
[Result "1/2-1/2"]
[WhiteElo "2229"]
[BlackElo "2329"]
[PlyCount "63"]
[EventDate "2013.07.30"]
[EventType "swiss"]
[EventRounds "9"]
[EventCountry "BRA"]
[SourceTitle "CBM 155 Extra"]
[Source "ChessBase"]
[SourceDate "2013.08.26"]
[SourceVersion "1"]
[SourceVersionDate "2013.08.26"]
[SourceQuality "1"]

1. c4 e5 2. g3 Nc6 3. Nc3 g6 4. Bg2 Bg7 5. e3 d6 6. d3 Nf6 7. Nge2 O-O 8. O-O
Be6 9. Nd5 Qd7 10. Nec3 Ne8 11. Qa4 Bh3 12. Bd2 Bxg2 13. Kxg2 f5 14. f4 Qf7 15.
Ne2 Nf6 16. Qb3 Rab8 17. Rac1 Rfe8 18. Nxf6+ Bxf6 19. Nc3 e4 20. Nd5 Bg7 21.
dxe4 Rxe4 22. c5 Rd8 23. Rfd1 dxc5 24. Rxc5 Ne7 25. Bc1 Nxd5 26. Rcxd5 Rxd5 27.
Rxd5 c6 28. Rd8+ Bf8 29. Qa3 Re8 30. Rxe8 Qxe8 31. Qb3+ Qf7 32. Qxf7+ 1/2-1/2